| Поле | Инд. | ПП | Название | Значение |
|---|---|---|---|---|
| Тип записи | a | |||
| Библиографический уровень | m | |||
| 001 | Контрольный номер | RU/IS/BASE/425737721 | ||
| 005 | Дата корректировки | 20250625172238.9 | ||
| 008 | Кодируемые данные | 20130628 | ||
| 022 | 0_ | a | ISSN | 1609-4646 |
| 041 | a | Код языка текста | rus | |
| 084 | a | Индекс другой классификации/Индекс ББК | 74.480.268.1(2Рос); 74.489(4Укр); 74.3(4); 74.047.8(2Рос); 60.561.9(2Рос); 74.202.3; 74в; 74.02; 74.47; 60.823.3в631; 74.324; 74.03(2)6; 68.44г(2Рос) | |
| 090 | a | Полочн. индекс | 95.2 | |
| 099 | a | Индекс | 87887 | |
| 245 | 10 | a | Заглавие | Инновации в образовании |
| n | Номер части/ раздела | №6/2013 | ||
| c | Ответственность | учредитель: Современная гуманитарная академия; гл. ред. И. В. Сыромятников | ||
| 260 | c | Дата издания | 2013 | |
| b | Издательство | Современный Гуманитарный Университет | ||
| a | Место издания | Москва | ||
| 300 | a | Объем | 144 с. | |
| 500 | a | Примечание | Журнал | |
| 504 | a | Библиография | Библиогр. в конце статьи | |
| 505 | a | Форматированное содержание | Аналитический и синтетический подходы к проектированию учебной програмы по иностранному языку в профессиональном образовании | |
| b | Автор | Алексеева А. М. | ||
| 505 | 0_ | a | Форматированное содержание | Исторический опыт воспитательной и образовательной деятельности морских собраний российского флота |
| b | Автор | Масягин В. П. | ||
| 505 | 0_ | a | Форматированное содержание | Теоретическая модель медиаобразования в СССР 1920-х годов |
| b | Автор | Горбаткова О. И. | ||
| b | Автор | Федоров А. В. | ||
| 505 | 0_ | a | Форматированное содержание | Информационные технологии в графических дисциплинах технического университета |
| b | Автор | Гузненков В. Н. | ||
| 505 | 0_ | a | Форматированное содержание | Ментальная карта как инновационный метод в корпоративном обучении |
| b | Автор | Леонтьева Е. Г. | ||
| b | Автор | Тимкина К. В. | ||
| 505 | 0_ | a | Форматированное содержание | Модель и алгоритм расчета образованности работника |
| b | Автор | Фокина В. Н. | ||
| b | Автор | Слива А. В. | ||
| 505 | 0_ | a | Форматированное содержание | Теоретические основы разработки адаптивно-деятельностной модели среднего профессионального образования |
| b | Автор | Скибицкий Э. Г. | ||
| b | Автор | Пенчук Е. С. | ||
| 505 | 0_ | a | Форматированное содержание | Методологический контур экспериментальной дидактики в динамике научной рациональности |
| b | Автор | Перминова Л. М. | ||
| 505 | 0_ | a | Форматированное содержание | Методическое сопровождение управления формированием учебных действий в основной школе |
| b | Автор | Науменко Ю. В. | ||
| b | Автор | Науменко О. В. | ||
| 505 | 0_ | a | Форматированное содержание | О формулировании результатов обучения для модульных образовательных программ |
| b | Автор | Назарбекова С. П. | ||
| b | Автор | Абуова И. А. | ||
| b | Автор | Абдижаппарова Б. Т. | ||
| b | Автор | Адырбекова Г. М. | ||
| 505 | 0_ | a | Форматированное содержание | Управление бюджетным сектором учреждений дополнительного образования детей в РФ |
| b | Автор | Косарецкий С. Г. | ||
| b | Автор | Куприянов Б. В. | ||
| 505 | 0_ | a | Форматированное содержание | Маршрутное обучение: активная педагогика в преподавании русского языка как иностранного для взрослых в Европе |
| b | Автор | Жуковский И. В. | ||
| b | Автор | Жуковская А. И. | ||
| 505 | 0_ | a | Форматированное содержание | Мониторинг эффективности компетентностно-ориентированного управления подготовкой будущих преподавателей в условиях магистратуры |
| b | Автор | Драч И. И. | ||
| 530 | a | Примеч. о доп. формах | оглавление | |
| 650 | 14 | a | Основная рубрика | военное дело |
| a | Основная рубрика | вооруженные силы | ||
| a | Основная рубрика | высшее образование | ||
| a | Основная рубрика | дидактика | ||
| a | Основная рубрика | история образования | ||
| a | Основная рубрика | методика преподавания | ||
| a | Основная рубрика | образование | ||
| a | Основная рубрика | образование взрослых | ||
| a | Основная рубрика | общее образование (школьное образование) | ||
| a | Основная рубрика | общеобразовательная школа | ||
| a | Основная рубрика | педагогическое образование | ||
| a | Основная рубрика | профессиональное образование | ||
| a | Основная рубрика | социальное управление | ||
| a | Основная рубрика | социология | ||
| a | Основная рубрика | социология образования | ||
| a | Основная рубрика | среднее профессиональное образование | ||
| a | Основная рубрика | управление персоналом (кадровый менеджмент) | ||
| 653 | a | Ключевые слова | E-toile (образовательный проект) | |
| a | Ключевые слова | XX век | ||
| a | Ключевые слова | адаптивно-деятельностная модель | ||
| a | Ключевые слова | аналитический подход | ||
| a | Ключевые слова | внешкольное воспитание | ||
| a | Ключевые слова | военное воспитание | ||
| a | Ключевые слова | военно-морские силы (ВМС) | ||
| a | Ключевые слова | военно-морской флот (ВМФ) | ||
| a | Ключевые слова | военно-профессиональная подготовка | ||
| a | Ключевые слова | геометрическое моделирование | ||
| a | Ключевые слова | гносеология | ||
| a | Ключевые слова | дидактика экспериментальная | ||
| a | Ключевые слова | дополнительное образование | ||
| a | Ключевые слова | Европа | ||
| a | Ключевые слова | информационные технологии | ||
| a | Ключевые слова | квалиметрическая модель | ||
| a | Ключевые слова | компетентностный подход | ||
| a | Ключевые слова | компетентность | ||
| a | Ключевые слова | компетентность персонала | ||
| a | Ключевые слова | компьютерная графика | ||
| a | Ключевые слова | компьютерные технологии | ||
| a | Ключевые слова | корпоративное обучение | ||
| a | Ключевые слова | медиаобразование | ||
| a | Ключевые слова | международное сотрудничество | ||
| a | Ключевые слова | международные образовательные проекты | ||
| a | Ключевые слова | ментальная карта | ||
| a | Ключевые слова | метод коммуникативных заданий | ||
| a | Ключевые слова | модель занятия | ||
| a | Ключевые слова | модель образования | ||
| a | Ключевые слова | модульные образовательные программы | ||
| a | Ключевые слова | мониторинг образования | ||
| a | Ключевые слова | Морские собрания | ||
| a | Ключевые слова | научное знание | ||
| a | Ключевые слова | научный метод | ||
| a | Ключевые слова | начертательная геометрия | ||
| a | Ключевые слова | непрерывное образование | ||
| a | Ключевые слова | образованность | ||
| a | Ключевые слова | образовательные инновации | ||
| a | Ключевые слова | образовательные программы | ||
| a | Ключевые слова | обучение иностранным языкам | ||
| a | Ключевые слова | обучение передвижное | ||
| a | Ключевые слова | обучение персонала | ||
| a | Ключевые слова | оценка образованности | ||
| a | Ключевые слова | оценка эффективности | ||
| a | Ключевые слова | педагоги | ||
| a | Ключевые слова | повышение квалификации | ||
| a | Ключевые слова | преподавание русского языка | ||
| a | Ключевые слова | профессиональная компетентность | ||
| a | Ключевые слова | профессиональная подготовка | ||
| a | Ключевые слова | развитие универсальных учебных действий | ||
| a | Ключевые слова | результаты обучения | ||
| a | Ключевые слова | российский флот | ||
| a | Ключевые слова | русский язык как иностранный | ||
| a | Ключевые слова | синтетический подход | ||
| a | Ключевые слова | система образования | ||
| a | Ключевые слова | содержание образования | ||
| a | Ключевые слова | СССР | ||
| a | Ключевые слова | структура образовательной модели | ||
| a | Ключевые слова | таксономия Блума | ||
| a | Ключевые слова | техническое образование | ||
| a | Ключевые слова | Украина | ||
| a | Ключевые слова | управление образовательными системами | ||
| a | Ключевые слова | уровень образования | ||
| a | Ключевые слова | уровни научного знания | ||
| a | Ключевые слова | уровни образования | ||
| a | Ключевые слова | устав Морского собрания | ||
| a | Ключевые слова | учреждения дополнительного образования | ||
| a | Ключевые слова | факторно-критериальное моделирование | ||
| a | Ключевые слова | философия образования | ||
| a | Ключевые слова | эффективность управления | ||
| 700 | a | Автор | Алексеева А. М. | |
| q | Полное имя | Алексеева Анастасия Михайловна | ||
| 700 | 1_ | a | Автор | Масягин В. П. |
| q | Полное имя | Масягин Владимир Павлович | ||
| 700 | 1_ | a | Автор | Федоров А. В. |
| q | Полное имя | Федоров Александр Викторович | ||
| 700 | 1_ | a | Автор | Горбаткова О. И. |
| q | Полное имя | Горбаткова Ольга Ивановна | ||
| 700 | 1_ | a | Автор | Гузненков В. Н. |
| q | Полное имя | Гузненков Владимир Николаевич | ||
| 700 | 1_ | a | Автор | Тимкина К. В. |
| q | Полное имя | Тимкина Кристина Вячеславовна | ||
| 700 | 1_ | a | Автор | Леонтьева Е. Г. |
| q | Полное имя | Леонтьева Елена Геннадьевна | ||
| 700 | 1_ | a | Автор | Слива А. В. |
| q | Полное имя | Слива Александр Владимирович | ||
| 700 | 1_ | a | Автор | Фокина В. Н. |
| q | Полное имя | Фокина Валерия Николаевна | ||
| 700 | 1_ | a | Автор | Пенчук Е. С. |
| q | Полное имя | Пенчук Елена Станиславовна | ||
| 700 | 1_ | a | Автор | Скибицкий Э. Г. |
| q | Полное имя | Скибицкий Эдуард Григорьевич | ||
| 700 | 1_ | a | Автор | Перминова Л. М. |
| q | Полное имя | Перминова Людмила Михайловна | ||
| 700 | 1_ | a | Автор | Науменко Ю. В. |
| q | Полное имя | Науменко Юрий Владимирович | ||
| 700 | 1_ | a | Автор | Науменко О. В. |
| q | Полное имя | Науменко Ольна Викторовна | ||
| 700 | 1_ | a | Автор | Абуова И. А. |
| q | Полное имя | Абуова Ирина Амирбековна | ||
| 700 | 1_ | a | Автор | Адырбекова Г. М. |
| q | Полное имя | Адырбекова Гульмира Менлибаевна | ||
| 700 | 1_ | a | Автор | Абдижаппарова Б. Т. |
| q | Полное имя | Абдижаппарова Бахыткуль Тельхожаевна | ||
| 700 | 1_ | a | Автор | Назарбекова С. П. |
| q | Полное имя | Назарбекова Сауле Полатовна | ||
| 700 | 1_ | a | Автор | Куприянов Б. В. |
| q | Полное имя | Куприянов Борис Викторович | ||
| 700 | 1_ | a | Автор | Косарецкий С. Г. |
| q | Полное имя | Косарецкий Сергей Геннадьевич | ||
| 700 | 1_ | a | Автор | Жуковская А. И. |
| q | Полное имя | Жуковская Антонина Ивановна | ||
| 700 | 1_ | a | Автор | Жуковский И. В. |
| q | Полное имя | Жуковский Игорь Владимирович | ||
| 700 | 1_ | a | Автор | Драч И. И. |
| q | Полное имя | Драч Ирина Ивановна | ||
| 773 | 08 | w | Контрольный № источника | RU/IS/BASE/404489067 |
| 900 | a | Имя электронного ресурса | ~p_innovatsii_obraz_6_13 | |
| x | Справочная информация | Оглавление | ||
| 901 | t | Тип документа | s | |
| 952 | a | Тип литературы для КСУ ВШ | НЖ | |
| 991 | s | 6 |